000 00661nam a2200241 i 4500
001 C2-0075915
003 PPAK
005 20180727081832.0
008 970429s1993 enka|||| ||||| | eng d
020 _a0500277095
040 _aPPAK
_beng
_cPPAK
_erda
082 0 4 _a746.0954
_223
090 0 0 _a746.0954
_bGIL
_dR
100 1 _aGillow, John,
_eauthor
245 1 0 _aTraditional Indian textiles
264 1 _aLondon :
_bThames and Hudson ,
_c1993
300 _a160 pages :
_billustrations ;
_c30 cm
336 _2rdacontent
_atext
337 _2rdamedia
_aunmediated
338 _2rdacarrier
_avolume
650 1 0 _aTextile fabrics - India
942 _ddc
_cB
999 _c11529
_d11529